English handbook

Salvato in:
Dettagli Bibliografici
Autore principale: Bailey, Matilda, 1905-
Altri autori: Horn, Gunnar, 1912-
Natura: Libro
Lingua:English
Pubblicazione: New York, American Book Co 1949
Tags: Aggiungi Tag
Nessun Tag, puoi essere il primo ad aggiungerne!!

MARC

LEADER 00000nam a2200000Ia 4500
003 002074
005 20221231143949.0
008 140114s1949 nyua 000 ||eng d
040 |c cru CEDI 
082 |2 425 B155e 
100 |a Bailey, Matilda, 1905-  |9 21224 
245 |a English handbook  
260 |a New York, American Book Co  |c 1949 
300 |a  402 páginas ; ilustraciones 19 cm. 
700 |9 21225  |a  Horn, Gunnar, 1912- 
942 |2 ddc  |c BK 
999 |c 14893  |d 14893